000 01737nam a2200517 i 4500
001 33305
003 KOSZ 005
005 20191104113231.0
008 980702s1995 pl a |000 0 pol
015 _aPB 1996/6017
020 _a8390329611
035 _a991004053279705066
035 _a(PL-WaBN)b11077219-48omnis_nlop
035 _ab11077219
035 _a(OCoLC)749450793
035 _a(PL)b0000001107721
035 _a(EXLNZ-48OMNIS_NETWORK)9910242328405606
040 _aWA N
_cWA N
_dKOSZ 005/HR
041 1 _apol
_heng
046 _k1993
080 _a336.76
080 _a338.5
080 _a519.67
100 1 _aPlummer, Tony
_eAutor
245 1 0 _aPsychologia rynków finansowych :
_bu źródeł analizy technicznej /
_cTony Plummer ; przeł. [z ang.] Wojciech Madej.
246 1 _iTyt. oryg.:
_aForecasting financial markets,
_f1993
260 _aWarszawa :
_bWIG-Press,
_c1995.
300 _aXV, 297 s. :
_bwykr. ;
_c25 cm.
336 _2rdacontent
_aTekst
_btxt
337 _2rdamedia
_aBez urządzenia pośredniczącego
_bn
338 _2rdacarrier
_aWolumin
_bnc
380 _aKsiążki
388 _a1901-2000
388 _a1989-2000
650 7 _aCeny
_2DBN
650 7 _aPrognozy finansowe
650 7 _aGiełda papierów wartościowych
_2DBN
650 7 _aRynek finansowy
_2DBN
650 7 _aAnaliza techniczna (metoda ekonomiczna)
658 _aGospodarka, ekonomia, finanse
700 1 _aMadej, Wojciech
_d(1959-2010)
_eTłumaczenie
710 2 _aWIG-Press
_4pbl
856 _uhttp://koha.tu.koszalin.pl/cgi-bin/koha/opac-detail.pl?biblionumber=33305
_yKatalog online BPK
942 _2UKD
_cKS
999 _c33305
_d33305